Currency and financial system of mainland China (Record no. 1433344)

MARC details
000 -LEADER
fixed length control field 00637nam a2200205Ia 4500
005 - DATE AND TIME OF LATEST TRANSACTION
control field 20250701164521.0
008 - FIXED-LENGTH DATA ELEMENTS--GENERAL INFORMATION
fixed length control field 008 250505s9999 xx 000 0 eng d
037 ## - SOURCE OF ACQUISITION
Stock number Textual
040 ## - CATALOGING SOURCE
Original cataloging agency EASL
Language of cataloging eng
Transcribing agency EASL
041 ## - LANGUAGE CODE
Language code of text/sound track or separate title eng
Source of code eng
084 ## - COLON CLASSIFICATION NUMBER
Classification number X61v41.N64<-N31, K6-;1
Assigning agency EASL
100 ## - MAIN ENTRY--PERSONAL NAME
Personal name Miyashita Tadao
9 (RLIN) 342149
245 #0 - TITLE STATEMENT
Title Currency and financial system of mainland China
260 ## - PUBLICATION, DISTRIBUTION, ETC.
Place of publication, distribution, etc. USA
Name of publisher, distributor, etc. Washington University of Washington Press
Date of publication, distribution, etc. 1966
300 ## - PHYSICAL DESCRIPTION
Extent 278p.
365 ## - TRADE PRICE
Price amount 9.5
490 ## - SERIES STATEMENT
Series statement Institute of Asian Economic Affairs
942 ## - ADDED ENTRY ELEMENTS (KOHA)
Koha item type Textual
Classification part X61v41.N64<-N31, K6-;1
Holdings
Withdrawn status Lost status Damaged status Not for loan Collection Home library Current library Date acquired Cost, normal purchase price Total Checkouts Full call number Barcode Date last seen Price effective from Koha item type
        Chinese English Language Department of East Asian Studies Library Department of East Asian Studies Library 2025-07-01 9.50   X61v41.N64<-N31, K6-;1 EAS006424 2025-07-01 2025-07-01 Textual
Copyright @ Delhi University Library System